Stanovenie obsahu bielkovín vo vybraných mäsových výrobkoch diplomová práca
Uložené v:
| Hlavný autor: | |
|---|---|
| Médium: | Kniha |
| Jazyk: | Slovak |
| Vydavateľské údaje: |
Bratislava
STU FCHPT
2016
|
| On-line prístup: | View in OPAC |
| Tagy: |
Žiadne tagy, Buďte prvý, kto otaguje tento záznam!
|
MARC
| LEADER | 00000nam a2200000 a 4500 | ||
|---|---|---|---|
| 005 | 20260127134306.0 | ||
| 008 | 160623 2016 000 0 slo d | ||
| 035 | |a vtls011562599 | ||
| 039 | 9 | |y 201606231209 |z mschk03 | |
| 040 | |a STUSCHK1 |b slo |c STUSCHK1 |e AACR2 | ||
| 100 | 1 | |a Gáliková, Katarína | |
| 245 | 1 | |a Stanovenie obsahu bielkovín vo vybraných mäsových výrobkoch |b diplomová práca |c Katarína Gáliková | |
| 260 | |a Bratislava |b STU FCHPT |c 2016 | ||
| 300 | |a 127 s. |b il. |c 25 cm | ||
| 500 | |a Študijný program: potraviny,hygiena, kozmetika | ||
| 500 | |a Študijný odbor: potravinárstvo | ||
| 500 | |a Školiace pracovisko: Ústav potravinárstva a výživy | ||
| 500 | |a Evid. číslo: FCHPT-5457-44118 | ||
| 910 | |a SCHK95 | ||
| 999 | |c 8955 |d 8955 | ||